000 00344pab a2200145 454500
008 180718b2002 xxu||||| |||| 00| 0 eng d
100 _aBhowmik, Sharit
245 _aClasses in urban industrial society
260 _c2002
300 _ap.66-72.
362 _aOct-Dec
650 _aSocial class
773 _aIASSI Quarterly
909 _a58915
999 _c58915
_d58915